[Event "IMSA Blitz w 2016"]
[Site "Huai'an CHN"]
[Date "2016.02.29"]
[Round "19.8"]
[White "Krush,I"]
[Black "Socko,M"]
[Result "0-1"]
[WhiteElo "2458"]
[BlackElo "2448"]

1.d4 Nf6 2.c4 e6 3.Nc3 Bb4 4.e3 O-O 5.Bd3 d5 6.Nf3 c5 7.cxd5 exd5 8.dxc5 Nbd7
9.Bd2 Nxc5 10.Be2 Ba5 11.O-O Bc7 12.Nb5 Bb8 13.Bb4 b6 14.Rc1 a6 15.Nbd4 Bd6
16.Nb3 Qe7 17.Ba3 Bg4 18.Nfd4 Qe5 19.g3 Qh5 20.Nxc5 bxc5 21.Bxc5 Bxc5 22.Rxc5 Qh3
23.f3 Be6 24.Rf2 Qh6 25.Qd2 Rfe8 26.Bf1 Bd7 27.Rc3 Qg5 28.Ne2 Rab8 29.h4 Qe5
30.Nf4 Rb4 31.Kg2 d4 32.exd4 Rxd4 33.Rd3 Rxd3 34.Qxd3 a5 35.Re2 Qb8 36.Rxe8+ Bxe8
37.b3 h6 38.Qc3 Qd8 39.h5 Qb6 40.Bc4 Bc6 41.Qe5 Qb7 42.Qe3 Ng4 43.Qc3 Nf6
44.Kf2 Qb6+ 45.Qe3 Qb7 46.Qd3 Qb6+ 47.Qe3 Qb7 48.g4 Qc7 49.Kg3 Nh7 50.Qc5 Qb7
51.Bd5 Bxd5 52.Qxd5 Qc7 53.Qc4 Qb8 54.Kf2 Ng5 55.Qd4 Qc7 56.Qd2 Qb6+ 57.Kg2 Qb8
58.Nd3 Qd6 59.Qe2 Qd8 60.Nf2 Qb8 61.Qd2 Qc7 62.Qe3 Ne6 63.a3 Qd6 64.a4 Nf4+
65.Kg1 Ne6 66.Qd3 Qc7 67.Qc4 Qb8 68.Ne4 Nf4 69.Qb5 Qd8 70.Kf2 Qc7 71.Qc5 Qd8
72.Ke3 Nd5+ 73.Kf2 Nf4 74.Qc2 Nd3+ 75.Kg2 Nf4+ 76.Kg1 Qd4+ 77.Kh2 Qe5 78.Kg1 Qd4+
79.Kf1 Qe3 80.Qf2 Qxb3 81.Qg3 Qd1+ 82.Kf2 Qd4+ 83.Kf1 Qd3+ 84.Kf2 Qd4+ 85.Kf1 Qe3
86.Nf2 Qe2+ 87.Kg1 Qe3 88.Kh2 Ne6 89.Ne4 Qe2+ 90.Qg2 Qc4 91.Qd2 Qxa4 92.Ng3 Qb4
93.Qd7 Qb8 94.Kg2 Qa8 95.Nf5 Qd8 96.Qa7 Nf4+ 97.Kg3 Ne6 98.Ne7+ Kf8 99.Nf5 Qc7+
100.Kg2 Qxa7  0-1

[Event "IMSA Blitz w 2016"]
[Site "Huai'an CHN"]
[Date "2016.02.29"]
[Round "20.1"]
[White "Ju Wenjun"]
[Black "Krush,I"]
[Result "1/2-1/2"]
[WhiteElo "2558"]
[BlackElo "2458"]

1.Nf3 d5 2.g3 Bg4 3.Bg2 Nd7 4.c4 e6 5.cxd5 exd5 6.Qb3 Nc5 7.Qc2 c6 8.O-O Nf6
9.d3 Be7 10.Nc3 O-O 11.h3 Bh5 12.Nh4 Re8 13.g4 Bg6 14.Nxg6 hxg6 15.Bf4 Bd6
16.Bxd6 Qxd6 17.d4 Nce4 18.e3 g5 19.Rab1 a5 20.a3 Re6 21.Na4 b5 22.Nc3 a4
23.Na2 Nd7 24.Nb4 Rc8 25.Rbc1 Nb6 26.Bxe4 Rxe4 27.Qc5 Qh6 28.Kg2 Nc4 29.Nxd5 Qe6
30.Nc3 Rxg4+ 31.hxg4 Qxg4+ 32.Kh2 Qh4+ 33.Kg2 Qg4+ 34.Kh2 Qh4+ 35.Kg2 Qg4+
36.Kh2 Qh4+ 37.Kg2  1/2-1/2

[Event "IMSA Blitz w 2016"]
[Site "Huai'an CHN"]
[Date "2016.03.01"]
[Round "22.2"]
[White "Krush,I"]
[Black "Zhao Xue"]
[Result "1-0"]
[WhiteElo "2458"]
[BlackElo "2506"]

1.d4 e6 2.c4 b6 3.e4 Bb7 4.Bd3 Nc6 5.Ne2 Nb4 6.Nbc3 Nxd3+ 7.Qxd3 d6 8.O-O Qd7
9.d5 Nf6 10.f4 Be7 11.Kh1 exd5 12.cxd5 c6 13.dxc6 Bxc6 14.Nd4 O-O 15.Nxc6 Qxc6
16.Be3 Rfe8 17.Bd4 Rac8 18.Qg3 g6 19.Rad1 Nxe4 20.Qd3 Bf8 21.f5 Qb7 22.Qf3 d5
23.fxg6 fxg6 24.Nxe4 dxe4 25.Qb3+  1-0

[Event "IMSA Blitz w 2016"]
[Site "Huai'an CHN"]
[Date "2016.03.01"]
[Round "23.7"]
[White "Paehtz,E"]
[Black "Krush,I"]
[Result "1-0"]
[WhiteElo "2472"]
[BlackElo "2458"]

1.e4 g6 2.d4 Bg7 3.Nc3 c6 4.h4 d5 5.h5 dxe4 6.Be3 Nf6 7.h6 Bf8 8.Be2 Nd5
9.Nxe4 Nxe3 10.fxe3 Nd7 11.Nf3 Nf6 12.Neg5 Bf5 13.Ne5 Ne4 14.Ngxf7 Qa5+ 15.c3 Rg8
16.Bc4 g5 17.Qb3 Qc7 18.Rf1 Bg6 19.O-O-O Nf6 20.Nxg5 Bxh6 21.Bxg8 Bxg5 22.Bf7+ Kd8
23.Bxg6 hxg6 24.Rxf6 exf6 25.Qg8+ Ke7 26.Qf7+ Kd8 27.Qf8+  1-0

[Event "IMSA Blitz w 2016"]
[Site "Huai'an CHN"]
[Date "2016.03.01"]
[Round "24.3"]
[White "Krush,I"]
[Black "Lagno,Kateryna"]
[Result "1-0"]
[WhiteElo "2458"]
[BlackElo "2529"]

1.d4 Nf6 2.c4 g6 3.Nc3 d5 4.cxd5 Nxd5 5.e4 Nxc3 6.bxc3 Bg7 7.Be3 c5 8.Rc1 O-O
9.Nf3 Qa5 10.Qd2 Rd8 11.Be2 Nc6 12.d5 e6 13.O-O exd5 14.exd5 Bg4 15.c4 Qxd2
16.Bxd2 Bxf3 17.Bxf3 Nd4 18.Be3 Rd6 19.Rb1 Rb6 20.Bf4 Rf6 21.Bg3 b5 22.cxb5 Nxf3+
23.gxf3 Rxf3 24.Bc7 c4 25.d6 Be5 26.Rfe1 f6 27.Rbd1 c3 28.Kg2 Rf5 29.Rxe5 fxe5
30.d7 c2 31.Rc1 Rff8 32.Rxc2 Kf7 33.Rd2 Rfd8 34.Kf3 Ke7 35.Bxd8+ Rxd8 36.Ke4 Ke6
37.a4 g5 38.a5  1-0

[Event "IMSA Blitz w 2016"]
[Site "Huai'an CHN"]
[Date "2016.03.01"]
[Round "25.6"]
[White "Tan Zhongyi"]
[Black "Krush,I"]
[Result "1-0"]
[WhiteElo "2504"]
[BlackElo "2458"]

1.d4 e6 2.Nf3 c5 3.c4 cxd4 4.Nxd4 Nc6 5.Nc3 Nf6 6.a3 Be7 7.e4 O-O 8.Be2 d5
9.exd5 exd5 10.O-O Nxd4 11.Qxd4 dxc4 12.Qxc4 Be6 13.Qb5 Qc7 14.Be3 a6 15.Qb6 Rac8
16.Bf3 Qxb6 17.Bxb6 Nd7 18.Be3 Nc5 19.Rad1 b5 20.Nd5 Bxd5 21.Rxd5 Na4 22.Rd7 Bf6
23.b3 Nc5 24.Ra7 Nxb3 25.Rxa6 Nd4 26.Rxf6 gxf6 27.Bxd4 Kg7 28.Rb1 Rfd8 29.Be3 Rd3
30.g4 Rxa3 31.Rxb5 Re8 32.Rb7 Rd3 33.Kg2 Red8 34.Be2 Rc3 35.h4 Rd6 36.h5 h6
37.Bf3 Rd8 38.Bb6 Rd6 39.Be3 Rd8 40.Bf4 Re8 41.Bd5 Rf8 42.Bb3 Rd3 43.Kf1 f5
44.Be5+ Kg8 45.gxf5 Rf3 46.f6 Rf5 47.Bd4 Rxh5 48.Ke2 Rf5 49.Kd3 h5 50.Ke4 Rg5
51.Rc7 h4 52.Rc1 Kh7 53.Rh1 Re8+ 54.Kd3 Kg6 55.Rxh4 Rd8 56.Bc2 Kf5 57.Kc3+ Ke6
58.Re4+ Kd5 59.f3 Rg3 60.Bb3+ Kc6 61.Re3 Rd7 62.Be5 Ra7 63.Bxg3  1-0

[Event "IMSA Blitz w 2016"]
[Site "Huai'an CHN"]
[Date "2016.03.01"]
[Round "26.4"]
[White "Krush,I"]
[Black "Mkrtchian,L"]
[Result "1/2-1/2"]
[WhiteElo "2458"]
[BlackElo "2434"]

1.d4 Nf6 2.c4 e6 3.Nc3 Bb4 4.e3 O-O 5.Bd3 d5 6.Nf3 c5 7.cxd5 exd5 8.dxc5 Bxc5
9.h3 Nc6 10.O-O Qe7 11.b3 Rd8 12.Bb2 Ne4 13.Ne2 Be6 14.Rc1 Rac8 15.Ned4 Bb6
16.Qe2 Nxd4 17.Bxd4 Bxd4 18.Nxd4 h6 19.Nf3 Qf6 20.Nd4 Bd7 21.Qb2 Ng5 22.Rxc8 Rxc8
23.Rc1 Rxc1+ 24.Qxc1 Ne6 25.Nxe6 Bxe6 26.Qc7 g6 27.a4 Qa1+ 28.Kh2 Qe1 29.Kg3 h5
30.h4 Qd1 31.Qb8+ Kh7 32.Bb5 Qg4+ 33.Kh2 Qxh4+ 34.Kg1 Qe7 35.Qxa7 h4 36.Qd4 h3
37.gxh3 Qg5+ 38.Kf1 Bxh3+ 39.Ke2 Bg4+ 40.Kd2 Be6 41.Be2 Qg1 42.Qh4+ Kg7 43.Qg3 Qa1
44.Bb5 Qb2+ 45.Ke1 Qxb3 46.Qe5+ Kh7 47.Qh2+ Kg7 48.Qe5+ Kh7 49.Qh2+ Kg7 50.Qe5+ Kh7  1/2-1/2

[Event "IMSA Blitz w 2016"]
[Site "Huai'an CHN"]
[Date "2016.03.01"]
[Round "28.5"]
[White "Krush,I"]
[Black "Huang Qian"]
[Result "1-0"]
[WhiteElo "2458"]
[BlackElo "2450"]

1.d4 d5 2.c4 dxc4 3.e3 c5 4.Bxc4 Nf6 5.Nf3 cxd4 6.exd4 e6 7.O-O Be7 8.Nc3 O-O
9.Re1 Nbd7 10.a3 Nb6 11.Bb3 Nbd5 12.Qd3 b6 13.Ne5 Bb7 14.Bc2 g6 15.Bh6 Re8
16.Bb3 Bf8 17.Bxf8 Kxf8 18.Qd2 Kg7 19.Ne4 Nxe4 20.Rxe4 Ne7 21.Rf4 Nf5 22.h4 f6
23.Ng4 Qd6 24.Rd1 Rad8 25.Bc4 h5 26.Rxf5 hxg4 27.Rf4 f5 28.h5 g5 29.Rxg4 fxg4
30.Qxg5+  1-0

[Event "IMSA Blitz w 2016"]
[Site "Huai'an CHN"]
[Date "2016.03.01"]
[Round "29.4"]
[White "Harika,D"]
[Black "Krush,I"]
[Result "1/2-1/2"]
[WhiteElo "2511"]
[BlackElo "2458"]

1.Nf3 d5 2.g3 Bg4 3.Bg2 Nd7 4.O-O e6 5.h3 Bh5 6.d4 c6 7.c4 Ngf6 8.cxd5 exd5
9.Qb3 Qb6 10.Qe3+ Be7 11.Nh4 Bg6 12.Nc3 Qd8 13.Nxg6 hxg6 14.Qd3 O-O 15.Bf4 Re8
16.Rad1 Nb6 17.b3 Bd6 18.Bg5 Be7 19.h4 a5 20.Bxf6 Bxf6 21.e4 dxe4 22.Nxe4 Nd5
23.Rfe1 Be7 24.Re2 a4 25.Nc3 Nxc3 26.Qxc3 axb3 27.Qxb3 Qc7 28.Rde1 Kf8 29.d5 c5
30.Qb5 Rad8 31.a4 Qd7 32.Qxd7 Rxd7 33.Rb1 Bd6 34.Reb2 Ra8 35.Bf1 Be5 36.Rxb7 Rxb7
37.Rxb7 Rxa4 38.Bb5 Rb4 39.Ba6 Rd4 40.Rd7 Rd2 41.Bc4 Rd4 42.Ba6 c4 43.Rd8+ Ke7
44.Rc8 Rxd5 45.Rxc4 Rd2 46.Re4 Kf6 47.Re3 Bd4 48.Rf3+ Ke7 49.Bc4 f6 50.Bd3 Bxf2+
51.Kf1 f5 52.Bxf5 gxf5 53.Rxf2 Rd3 54.Kg2 g6 55.Ra2 Kf6 56.Ra6+ Kg7 57.Ra7+ Kf6  1/2-1/2

[Event "IMSA Blitz w 2016"]
[Site "Huai'an CHN"]
[Date "2016.03.01"]
[Round "30.6"]
[White "Krush,I"]
[Black "Gunina,V"]
[Result "1-0"]
[WhiteElo "2458"]
[BlackElo "2496"]

1.d4 d5 2.c4 c6 3.cxd5 cxd5 4.Bf4 Nf6 5.Nc3 Nc6 6.e3 Bg4 7.Qb3 Na5 8.Qa4+ Bd7
9.Qc2 e6 10.Bd3 Be7 11.Nf3 Nc6 12.a3 Nh5 13.Bg3 f5 14.Be5 O-O 15.O-O Rc8
16.Rfc1 Be8 17.h3 Bf7 18.Bh2 Nf6 19.Ne5 Nxe5 20.Bxe5 Nd7 21.Bg3 Bh5 22.Qb3 Nb6
23.Nb5 a6 24.Bc7 Qe8 25.Nd6 Bxd6 26.Bxd6 Nd7 27.Bxf8 Nxf8 28.Rxc8 Qxc8 29.Qc3 Qd8
30.Rc1 Qg5 31.Qc8 f4 32.exf4 Qxf4 33.Bf1 h6 34.Re1 Qxd4 35.Rxe6 Qxb2 36.Re7 Qxa3
37.Qxb7 Qc3 38.Qxd5+ Kh7 39.Qxh5 Ng6 40.Re3 Qd4 41.Bd3  1-0

[Event "Castle Chess GP 2016"]
[Site "Atlanta USA"]
[Date "2016.06.18"]
[Round "2"]
[White "Hoyos,Carlos D"]
[Black "Krush,I"]
[Result "0-1"]
[WhiteElo "2177"]
[BlackElo "2443"]

1.c4 e5 2.g3 Nc6 3.Bg2 g6 4.b3 Bg7 5.Bb2 d6 6.Nc3 Nf6 7.Nf3 O-O 8.O-O h6
9.d3 Re8 10.h3 Be6 11.e4 Nd7 12.Nd5 Nc5 13.Ne1 f5 14.f4 a5 15.exf5 gxf5 16.fxe5 dxe5
17.Nc2 Qd7 18.d4 Ne4 19.Bxe4 fxe4 20.Nf6+ Bxf6 21.Rxf6 Qg7 22.Qf1 Bxh3 23.Qxh3 Qxf6
24.Rf1 Qg6 25.Ne3 Rf8 26.Nf5 exd4 27.Nxh6+ Kg7 28.Nf5+ Rxf5  0-1

[Event "Castle Chess GP 2016"]
[Site "Atlanta USA"]
[Date "2016.06.18"]
[Round "3"]
[White "Krush,I"]
[Black "Aaron,D"]
[Result "1-0"]
[WhiteElo "2443"]
[BlackElo "2314"]

1.Nf3 d5 2.g3 Nf6 3.Bg2 e6 4.O-O Be7 5.d3 b6 6.Nbd2 Bb7 7.e4 c5 8.Re1 Nc6
9.a3 Qc7 10.Qe2 dxe4 11.dxe4 O-O 12.e5 Nd7 13.Nb3 a5 14.Bf4 a4 15.Nbd2 Rfd8
16.h4 Nd4 17.Nxd4 cxd4 18.Bxb7 Qxb7 19.Nf3 Nb8 20.Rad1 Bc5 21.h5 h6 22.g4 Nc6
23.Rd3 Ne7 24.Red1 Nd5 25.Bc1 Kh8 26.g5 hxg5 27.Nxg5 f6 28.Nf3 Qf7 29.Nh4 Ne7
30.Rg3 Nf5 31.Nxf5 exf5 32.exf6 Qxf6 33.Bg5 Qd6 34.Bxd8 Qxg3+ 35.fxg3 d3+
36.Kf1 dxe2+ 37.Kxe2 Ra7 38.Rd5 Rf7 39.Bg5 Kh7 40.Bf4 g6 41.hxg6+ Kxg6 42.Kf3 Rh7
43.Be3 Bxe3 44.Kxe3 Kg5 45.Rb5 Re7+ 46.Kf3 Rc7 47.c3 Rc6 48.Rb4 Rd6 49.Rd4 Re6
50.Rxa4 Kf6 51.Rb4 Rd6 52.Rb5 Kg5 53.g4 Rd3+ 54.Ke2 Rd6 55.gxf5 Kf4 56.f6 Rxf6
57.Kd3 Rd6+ 58.Kc4 Rc6+ 59.Kb4 Ke4 60.c4 Kd4 61.Rd5+ Ke4 62.Kb5 Rh6 63.b4 Rg6
64.a4 Rf6 65.a5 bxa5 66.bxa5 Rf8 67.Rd6 Rb8+ 68.Rb6 Ra8 69.a6 Kd4 70.Rd6+ Ke5
71.c5 Rb8+ 72.Rb6 Ra8 73.Rb7 Kd5 74.a7 Ke6 75.Kb6 Kd5 76.c6  1-0

[Event "Castle Chess GP 2016"]
[Site "Atlanta USA"]
[Date "2016.06.19"]
[Round "4"]
[White "Krush,I"]
[Black "Naroditsky,D"]
[Result "1/2-1/2"]
[WhiteElo "2443"]
[BlackElo "2634"]

1.c4 e5 2.g3 Nc6 3.Bg2 Bc5 4.Nc3 d6 5.e3 a6 6.Nge2 Ba7 7.d4 Nge7 8.d5 Nb8
9.e4 O-O 10.O-O f5 11.Be3 Bxe3 12.fxe3 Nd7 13.Qd2 Nf6 14.exf5 Bxf5 15.h3 Bd7
16.Kh2 Ng6 17.Ne4 Nxe4 18.Bxe4 Qg5 19.Nc3 Qh6 20.Bg2 e4 21.Nxe4 Ne5 22.h4 Qxe3
23.Qxe3 Ng4+ 24.Kg1 Nxe3 25.Rxf8+ Rxf8 26.b3 Bf5 27.Re1 Ng4 28.Ng5 Ne5 29.Nf3 Nxf3+
30.Bxf3 Bb1 31.Bg4 Bxa2 32.Re7 Bxb3 33.Rxc7 b5 34.cxb5 axb5 35.Be6+ Kh8 36.Rd7 Rb8
37.Rxd6 g6 38.Kf2 b4 39.Rc6 Ba4 40.Rc7 Rb6 41.h5 gxh5 42.Ke3 b3 43.Bf5 b2
44.d6 Rxd6 45.Rxh7+ Kg8 46.Rb7 Rf6 47.Bh7+ Kh8 48.Be4 Re6 49.Rxb2 Bc6 50.Rb4 Kg7
51.Kf4  1/2-1/2

[Event "Castle Chess GP 2016"]
[Site "Atlanta USA"]
[Date "2016.06.19"]
[Round "5"]
[White "Akobian,V"]
[Black "Krush,I"]
[Result "1/2-1/2"]
[WhiteElo "2612"]
[BlackElo "2443"]

1.d4 Nf6 2.c4 e6 3.Nf3 b6 4.a3 Ba6 5.Qc2 Bb7 6.e3 c5 7.dxc5 bxc5 8.b3 d5
9.Bb2 Nbd7 10.Be2 Bd6 11.Nc3 O-O 12.O-O Rc8 13.Rfd1 Qe7 14.Rd2 Rfd8 15.Rad1 h6
16.cxd5 exd5 17.Nh4 Qe6 18.Bf3 Nb6 19.Qf5 Bb8 20.a4 a5 21.Nb5 Nbd7 22.Bc3 g5
23.Bxa5 Re8 24.Rxd5 Bxd5 25.Bxd5 Nxd5 26.Qxd5 Qxd5 27.Rxd5 Nf6 28.Rf5 Ne4
29.Nf3 c4 30.Nfd4 cxb3 31.Nxb3 Rc2 32.Be1 Rc4 33.Ba5 h5  1/2-1/2

[Event "44th Annual World Open"]
[Site "Philadelphia USA"]
[Date "2016.07.01"]
[Round "3.3"]
[White "Akobian,V"]
[Black "Krush,I"]
[Result "1-0"]
[WhiteElo "2612"]
[BlackElo "2443"]

1.d4 Nf6 2.c4 e6 3.Nf3 b6 4.g3 Bb4+ 5.Nbd2 Bb7 6.Bg2 O-O 7.O-O d5 8.cxd5 exd5
9.Ne5 Re8 10.Ndf3 Nbd7 11.Qa4 Bf8 12.Bf4 c5 13.Rfd1 cxd4 14.Nxd7 Nxd7 15.Nxd4 Nc5
16.Qc2 Rc8 17.Rac1 Qf6 18.Qb1 Ne4 19.Rxc8 Rxc8 20.Be3 g6 21.Nb3 Rc4 22.Nd2 Nxd2
23.Bxd2 Qe7 24.b3 Rc8 25.Be3 Qe5 26.Bf3 Bc5 27.Bc1 Bd4 28.Kg2 Bc3 29.Qd3 Qe7
30.Be3 d4 31.Bxd4 Bxd4 32.Qxd4 Bxf3+ 33.Kxf3 h5 34.Rd2 Qe6 35.Kg2 Qc6+ 36.e4 Re8
37.Qd5 Qc3 38.Rd3 Qe1 39.Re3 Qb4 40.h4 Qa3 41.e5 Qe7 42.a4 Kg7 43.Qc6 Kg8
44.Rd3 Rd8 45.Rd6 Re8 46.Qd5  1-0

[Event "44th Annual World Open"]
[Site "Philadelphia USA"]
[Date "2016.07.03"]
[Round "6"]
[White "Krush,I"]
[Black "Durarbayli,V"]
[Result "1/2-1/2"]
[WhiteElo "2443"]
[BlackElo "2596"]

1.d4 d5 2.c4 c6 3.cxd5 cxd5 4.Bf4 Nc6 5.e3 Nf6 6.Nc3 a6 7.Bd3 Bg4 8.Nge2 e6
9.O-O Be7 10.Rc1 O-O 11.Na4 Nd7 12.a3 Bh5 13.Bg3 Rc8 14.b4 Bg6 15.Nf4 Bxd3
16.Nxd3 Nb6 17.Ndc5 Bxc5 18.bxc5 Nc4 19.Rb1 N6a5 20.Nb6 Nxb6 21.Rxb6 Qd7
22.Qb1 Rc6 23.Rxc6 Nxc6 24.Qb6 f6 25.Rb1 Rf7 26.h3 Qe8 27.Qb3 Na5 28.Qc3 Nc4
29.e4 Qd7 30.Qd3 Re7 31.Kh2 Re8 32.Rb4 Na5 33.Rb6 Nc4 34.Rb4 Na5 35.Rb6 Nc4
36.Rb4 Na5  1/2-1/2

[Event "44th Annual World Open"]
[Site "Philadelphia USA"]
[Date "2016.07.03"]
[Round "7"]
[White "Gelashvili,T"]
[Black "Krush,I"]
[Result "1-0"]
[WhiteElo "2557"]
[BlackElo "2443"]

1.e4 c5 2.b3 d6 3.Bb2 Nf6 4.Bb5+ Nbd7 5.d3 e6 6.Nd2 Be7 7.f4 O-O 8.Bxd7 Bxd7
9.Ngf3 Bc6 10.O-O Qc7 11.Qe1 Rae8 12.e5 Nd7 13.exd6 Bxd6 14.Ne5 Nb8 15.Ne4 f6
16.Nxd6 Qxd6 17.Nc4 Qc7 18.Qh4 Nd7 19.Rae1 Rf7 20.Ne3 Nf8 21.Ng4 Ng6 22.Qg3 Kh8
23.Qf2 Qd6 24.Re2 b6 25.Ne3 Ne7 26.Rfe1 Qd7 27.a4 Bb7 28.Nf1 Nf5 29.Ng3 Nd4
30.Bxd4 cxd4 31.Nf5 e5 32.Nxd4 Rc8 33.fxe5 fxe5 34.Nf3 Bxf3 35.gxf3 h6 36.Rxe5 Qc6
37.Qe2 Rxf3 38.Re8+ Rf8 39.Rxc8 Rxc8 40.Qf2 Qg6+ 41.Kh1 Rc5 42.Rg1 Qc6+ 43.Rg2 Qd7
44.Kg1 Re5 45.Rg3 Qe7 46.Kf1 Kh7 47.d4 Re4 48.c4 Qh4 49.d5 Rf4 50.Rf3 Rxf3
51.Qxf3 Qxh2 52.Qd3+ Kg8 53.d6 Qf4+ 54.Ke2 Qg4+ 55.Kd2 Qd7 56.Qd5+ Kf8 57.a5 h5
58.axb6 axb6 59.Qf3+ Kg8 60.Qd5+ Kf8 61.Qd4 h4 62.Qxb6 h3 63.Qf2+ Ke8 64.Qe2+ Kf7
65.Qh5+ Kf6 66.c5 Qe6 67.Qf3+ Qf5 68.Qxf5+ Kxf5 69.d7 h2 70.d8=Q h1=Q 71.Qd7+ Kf6
72.Qd6+ Kf7 73.c6 Qg2+ 74.Kc3 Qf3+ 75.Kb4 Qe4+ 76.Ka5 Qf5+ 77.Kb6 Qf2+ 78.Kb7 Qf3
79.b4 g5 80.Kb8 Qe2 81.Qd5+ Kg6 82.c7 Qh2 83.Kb7  1-0

[Event "44th Annual World Open"]
[Site "Philadelphia USA"]
[Date "2016.07.04"]
[Round "8"]
[White "Krush,I"]
[Black "Niemann,Hans M"]
[Result "1-0"]
[WhiteElo "2443"]
[BlackElo "2298"]

1.c4 e5 2.Nc3 Nf6 3.g3 d5 4.cxd5 Nxd5 5.Bg2 Nb6 6.Nf3 Nc6 7.d3 Be7 8.a3 Be6
9.O-O O-O 10.Be3 f6 11.Rc1 Nd5 12.Nxd5 Bxd5 13.Qa4 Qd7 14.Nd2 Bxg2 15.Kxg2 Qd5+
16.f3 Rfc8 17.Qc4 Qxc4 18.Rxc4 Nd8 19.Rfc1 Ne6 20.Nb3 a5 21.f4 a4 22.Nc5 Bxc5
23.Bxc5 exf4 24.gxf4 Re8 25.Be3 c6 26.Kf3 Nc7 27.Bf2 Re7 28.R1c2 g5 29.f5 Nd5
30.Rd4 Nb6 31.Rd6 Nd7 32.e4 Kf7 33.Bd4 h5 34.Rc4 c5 35.Rxc5 Nxc5 36.Rxf6+ Kg8
37.Bxc5 Rg7 38.e5 g4+ 39.Kg3 h4+ 40.Kxh4 Rh7+ 41.Kxg4 Rxh2 42.e6 Rc2 43.d4 b6
44.Bxb6 Rxb2 45.Bc5 Kg7 46.Rg6+ Kh7 47.Kf4 Rf2+ 48.Ke5 Re2+ 49.Kf6 Rf2 50.Rg7+ Kh8
51.Rg5 Rh2 52.d5 Rh6+ 53.Rg6 Rh7 54.e7 Rg7 55.Rxg7 Ra6+ 56.Ke5  1-0

[Event "Olympiad Women 2016"]
[Site "Baku AZE"]
[Date "2016.09.12"]
[Round "10.5"]
[White "Nomin-Erdene,Davaademberel"]
[Black "Krush,I"]
[Result "1-0"]
[WhiteElo "2422"]
[BlackElo "2444"]

1.e4 c5 2.Nf3 e6 3.d4 cxd4 4.Nxd4 a6 5.c4 Nf6 6.Nc3 Bb4 7.Qd3 d6 8.Nc2 Bxc3+
9.bxc3 Nbd7 10.f3 Nc5 11.Qd4 e5 12.Qe3 O-O 13.Nb4 Be6 14.Be2 Rc8 15.Bd2 Na4
16.Nd5 Nb2 17.Qb6 Qxb6 18.Nxb6 Rc6 19.Nd5 Kh8 20.Rb1 Nxc4 21.Nxf6 Nxd2 22.Kxd2 gxf6
23.Rxb7 Rfc8 24.Rc1 Bxa2 25.Ra7 Be6 26.Rxa6 Kg7 27.Rxc6 Rxc6 28.g4 Kf8 29.Rb1 Ke7
30.Rb7+ Kd8 31.Bb5 Rc7 32.Rb6 Ke7 33.Rb8 Rc8 34.Rb7+ Kd8 35.Kd3 h6 36.h4 Rc7
37.Rb6 Ke7 38.Bc6 Bc8 39.Kc4 Bd7 40.Kb5 Rc8 41.c4 Bxc6+ 42.Rxc6 Rb8+ 43.Rb6 Rc8
44.Rb7+ Ke6 45.h5 Rc5+ 46.Kb4 Rc8 47.Kc3 Ra8 48.Rb6 Kd7 49.c5 Rc8 50.Rxd6+ Ke7
51.Kc4 Ra8 52.Rd3 Ra1 53.c6 Rc1+ 54.Kb5 Rc2 55.Kb6 Rc1 56.Rb3 Kd6 57.Kb7 Rc2
58.Rd3+ Ke7 59.Rd5 Rb2+ 60.Kc8 Rb3 61.c7 Rb2 62.Ra5 Rb3 63.Ra7  1-0

[Event "100th Edward Lasker Mem"]
[Site "New York USA"]
[Date "2016.12.09"]
[Round "1"]
[White "Krush,I"]
[Black "Sena,J"]
[Result "1-0"]
[WhiteElo "2444"]
[BlackElo "2085"]

1.d4 Nf6 2.c4 g6 3.Nc3 Bg7 4.e4 d6 5.Be2 O-O 6.Nf3 e5 7.O-O Nc6 8.d5 Ne7
9.Ne1 Ne8 10.Be3 f5 11.f3 f4 12.Bf2 h5 13.c5 g5 14.Rc1 Rf7 15.Nb5 Ng6 16.cxd6 Nxd6
17.Nxa7 Rxa7 18.Bxa7 b6 19.a4 Bf8 20.a5 Rg7 21.Rc6 Ne7 22.axb6 Nxc6 23.dxc6 cxb6
24.Qb3+ Kh8 25.Bxb6 Qf6 26.Nd3 g4 27.Qd5 gxf3 28.Bxf3 Ba6 29.Rc1 Nf7 30.Kh1 Ng5  1-0

[Event "100th Edward Lasker Mem"]
[Site "New York USA"]
[Date "2016.12.10"]
[Round "3"]
[White "Allicock,R"]
[Black "Krush,I"]
[Result "1-0"]
[WhiteElo "2151"]
[BlackElo "2444"]

1.d4 Nf6 2.c4 e6 3.g3 c5 4.d5 exd5 5.cxd5 d6 6.Nc3 g6 7.Bg2 Bg7 8.Nf3 O-O
9.O-O Re8 10.Bf4 Ne4 11.Nxe4 Rxe4 12.Nd2 Rxf4 13.gxf4 Bxb2 14.Rb1 Bg7 15.e4 Qh4
16.e5 Qxf4 17.e6 fxe6 18.dxe6 Nc6 19.Re1 Be5 20.Nf3 Bxe6 21.Nxe5 Nxe5 22.Re4 Qf5
23.Qxd6 Bxa2 24.Rxb7 Nf7 25.Rb8+  1-0

[Event "100th Edward Lasker Mem"]
[Site "New York USA"]
[Date "2016.12.11"]
[Round "4"]
[White "Akylbekov,Nasyr"]
[Black "Krush,I"]
[Result "0-1"]
[WhiteElo "2244"]
[BlackElo "2444"]

1.e4 c5 2.Nf3 d6 3.d4 cxd4 4.Nxd4 Nf6 5.Nc3 Nc6 6.Bc4 e6 7.Be3 a6 8.Bb3 Be7
9.Qe2 Na5 10.O-O-O Qc7 11.g4 Nxb3+ 12.axb3 O-O 13.f4 b5 14.g5 Nd7 15.f5 b4
16.fxe6 bxc3 17.exd7 Bxd7 18.Qd3 Rfc8 19.Nf5 Bxf5 20.exf5 d5 21.bxc3 Qa5
22.Bd4 Qa1+ 23.Kd2 Bxg5+ 24.Ke2 Re8+ 25.Kf3 Qa5 26.Rhg1 f6 27.Rge1 Qc7 28.Kg2 Bh4
29.Rxe8+ Rxe8 30.c4 Qc6 31.cxd5 Qxd5+ 32.Kh3 Kh8 33.c4 Qb7 34.Bg1 Bg5 35.Bf2 h5
36.Re1 Rb8 37.Bg3 Qxb3 38.Re8+ Kh7 39.Qe2 Rxe8 40.Qxh5+ Kg8 41.Qxe8+ Kh7
42.Qh5+ Kg8 43.Qe2 Qc3 44.Qe4 Kh7 45.Kg2 a5 46.Qe2 Bh6 47.Be1 Qc1 48.Bxa5 Qg5+
49.Kh1 Qxf5 50.Be1 Bc1 51.Bf2 Ba3 52.Qe3 Bd6 53.c5 Qd5+ 54.Kg1 Be5 55.Qc1 Qf3
56.Qc2+ f5 57.c6 Bc7 58.Qc5 Qh3 59.Bg3 f4 60.Qc2+ Kh8 61.Bf2 f3 62.Be3 Qh4
63.Kf1 Bxh2 64.Qd3 Bg3 65.Qd2 Qh1+ 66.Bg1 Qh3+  0-1

[Event "St Louis Winter Classic B"]
[Site "Saint Louis USA"]
[Date "2017.03.13"]
[Round "3.4"]
[White "Chirila,I"]
[Black "Krush,I"]
[Result "1/2-1/2"]
[WhiteElo "2522"]
[BlackElo "2444"]

1.Nf3 Nf6 2.b3 d5 3.Bb2 c5 4.g3 Nc6 5.Bg2 e6 6.O-O Bd6 7.d4 O-O 8.Nbd2 cxd4
9.Nxd4 e5 10.Nxc6 bxc6 11.c4 Rb8 12.Qc2 Qe7 13.Rac1 Bb4 14.e3 Bg4 15.Nf3 Bd6
16.h3 Bd7 17.Rfd1 Rfd8 18.Bc3 Rdc8 19.Bb2 h6 20.Ne1 Be6 21.Nd3 Bf5 22.Qc3 Re8
23.Qa5 Be4 24.cxd5 Bxg2 25.Kxg2 cxd5 26.Rc6 Rbc8 27.Rdc1 Rxc6 28.Rxc6 Qd7
29.Qa6 Bb8 30.Nc5 Qf5 31.Qd3 e4 32.Qe2 Be5 33.Bxe5 Qxe5 34.Qb5 Rb8 35.Qa6 d4
36.exd4 Qxd4 37.Rc8+ Rxc8 38.Qxc8+ Kh7 39.Qf5+ g6 40.Qf4 Qxc5 41.Qxf6 Qd5
42.Kh2 h5 43.h4 Kg8 44.Qf4 Qa5 45.Qxe4  1/2-1/2

[Event "St Louis Winter Classic B"]
[Site "Saint Louis USA"]
[Date "2017.03.16"]
[Round "6.1"]
[White "Rambaldi,Francesco"]
[Black "Krush,I"]
[Result "1/2-1/2"]
[WhiteElo "2559"]
[BlackElo "2444"]

1.e4 c6 2.Nf3 d5 3.Nc3 dxe4 4.Nxe4 Nf6 5.Qe2 Nxe4 6.Qxe4 Nd7 7.Bc4 Nf6 8.Ne5 e6
9.Qe2 Be7 10.c3 c5 11.Bb5+ Bd7 12.Nxd7 Nxd7 13.Qe4 Qc8 14.d4 O-O 15.dxc5 Nxc5
16.Qc2 Qc7 17.O-O a6 18.Be2 b5 19.Be3 Rfd8 20.Rfd1 h6 21.a3 Na4 22.c4 Bf6
23.Rxd8+ Rxd8 24.Rb1 Qc6 25.c5 Nb6 26.Bf3 Qc7 27.b3 Nd5 28.Bxd5 exd5 29.Qf5 Be5
30.f4 Bc3 31.Rd1 d4 32.Bf2 b4 33.axb4 Qb7 34.h3 Qxb4 35.c6 Qd6 36.Bh4 Rb8
37.Qd7 Qxd7 38.cxd7 f6 39.Be1 Rd8 40.Bxc3 dxc3 41.Rc1 Rxd7 42.Rxc3 Rd4 43.Rc6 Rb4
44.Rxa6 Rxb3  1/2-1/2

[Event "St Louis Winter Classic B"]
[Site "Saint Louis USA"]
[Date "2017.03.17"]
[Round "7.5"]
[White "Krush,I"]
[Black "Ali Marandi,C"]
[Result "1/2-1/2"]
[WhiteElo "2444"]
[BlackElo "2497"]

1.c4 f5 2.d4 Nf6 3.g3 g6 4.Bg2 Bg7 5.Nf3 O-O 6.O-O d6 7.Nc3 Qe8 8.b3 Na6
9.Ba3 c6 10.Qd3 Bd7 11.e4 fxe4 12.Nxe4 Bf5 13.Nxf6+ Bxf6 14.Qe3 Qd7 15.Ng5 Rae8
16.Ne4 Bg7 17.Rad1 Nc7 18.Rfe1 h6 19.f4 a5 20.Nf2 a4 21.h3 h5 22.Bb2 axb3
23.axb3 b5 24.Qe2 bxc4 25.bxc4 Rb8 26.Bc1 d5 27.Qxe7 dxc4 28.Qc5 Nd5 29.Qxc4 Kh8
30.Kh2 Rb4 31.Qc5 Rfb8 32.Ne4 Ra4 33.Qd6 Qc8 34.Nc5 Ra2 35.Ne6 Bf6 36.Rd2 Rxd2
37.Bxd2 Rb2 38.Ba5 h4 39.Bd8 hxg3+ 40.Kxg3 Bxe6 41.Bxd5 Qxd8 42.Qxd8+ Bxd8
43.Rxe6 Bb6 44.Rxc6 Bxd4 45.Rxg6 Rb6 46.Rg8+ Kh7 47.Rc8 Rf6 48.Rc7+ Kh8 49.Rc4 Be3
50.Rc8+ Kg7 51.Rg8+ Kh7 52.Rg4 Bxf4+ 53.Rxf4 Rxf4 54.Kxf4  1/2-1/2

[Event "St Louis Winter Classic B"]
[Site "Saint Louis USA"]
[Date "2017.03.19"]
[Round "9.4"]
[White "Krush,I"]
[Black "Baryshpolets,A"]
[Result "1/2-1/2"]
[WhiteElo "2444"]
[BlackElo "2578"]

1.d4 d5 2.c4 e6 3.Nc3 Be7 4.Nf3 Nf6 5.Bg5 h6 6.Bh4 O-O 7.e3 Ne4 8.Bxe7 Qxe7
9.Rc1 c6 10.Bd3 Nxc3 11.Rxc3 Nd7 12.O-O e5 13.dxe5 dxc4 14.Bxc4 Nxe5 15.Nxe5 Qxe5
16.Qb3 Qe7 17.e4 Qxe4 18.Re3 Qg6 19.Rg3 Qf6 20.Rf3 Qg6 21.Re1 Bg4 22.Rg3 Rae8
23.Rc1 b5 24.Bf1 Qe4 25.Qc3 b4 26.Qxc6 Qxc6 27.Rxc6 Be6 28.a3 a5 29.axb4 axb4
30.f4 Rc8 31.Rb6 b3 32.f5 Bxf5 33.Rbxb3 Be6 34.Rbc3 Rb8 35.b3 Rfd8  1/2-1/2

[Event "10th New York Int 2017"]
[Site "New York USA"]
[Date "2017.06.21"]
[Round "1"]
[White "Lu,Maximillian"]
[Black "Krush,I"]
[Result "1/2-1/2"]
[WhiteElo "2145"]
[BlackElo "2435"]

1.d4 Nf6 2.c4 e6 3.Nf3 d5 4.g3 dxc4 5.Bg2 Nc6 6.Qa4 Bd6 7.Qxc4 O-O 8.O-O e5
9.Nc3 exd4 10.Nxd4 Ne5 11.Qa4 c6 12.Rd1 h6 13.Qc2 Qe7 14.b3 Re8 15.Bb2 Bd7
16.Nf5 Bxf5 17.Qxf5 Ba3 18.Bxa3 Qxa3 19.Rd2 Qa5 20.Rc1 Rad8 21.Rxd8 Rxd8
22.a4 Qc5 23.b4 Qe7 24.h3 Rd4 25.b5 g6 26.Qc2 c5 27.Rd1 Rxd1+ 28.Qxd1 Kg7
29.f4 Nc4 30.e4 Ne3 31.Qd3 Nxg2 32.Kxg2 Qd7 33.Qxd7 Nxd7 34.Nd5 Nb6 35.Nxb6 axb6
36.h4 h5 37.Kf3 Kf6 38.Ke3 Ke6 39.Kd3 f6 40.Kc4 Kd6  1/2-1/2

[Event "10th New York Int 2017"]
[Site "New York USA"]
[Date "2017.06.22"]
[Round "2"]
[White "Krush,I"]
[Black "Ying,V"]
[Result "1-0"]
[WhiteElo "2435"]
[BlackElo "2119"]

1.Nf3 c5 2.c4 Nc6 3.d4 cxd4 4.Nxd4 Nf6 5.Nc3 Qb6 6.Nb3 e6 7.e4 Bb4 8.Bd3 O-O
9.O-O Ne5 10.Be3 Qd6 11.Bd4 Nfg4 12.f4 Bxc3 13.bxc3 Nxd3 14.Qxg4 e5 15.Qg3 Nxf4
16.Rxf4 exd4 17.cxd4 b6 18.Rxf7 Qxg3 19.Rxf8+ Kxf8 20.hxg3 Ba6 21.Nd2 Rc8
22.Rc1 d6 23.a4 Bb7 24.d5 Ba6 25.Kf2 Rc5 26.Ke3 Ra5 27.Ra1 b5 28.Rf1+ Ke7
29.cxb5 Bc8 30.Ra1  1-0